BIBLIOTHÈQUE DE LA MAISON DU MEXIQUE

Logo 1 Logo 2

Postales de Papantla (notice nᵒ 5710)

détails MARC
000 -Sello discográfico
campo de control de longitud fija 00817nam0a2200253 4500
005 - Identificación de versión
campo de control 20251016084512.0
035 ## - Otros números de control del sistema
Número de control del sistema 3881
099 ## - fechas locales
Tipo de ítem Koha LIBRO
100 ## - Datos de procesamiento general
Datos de procesamiento general 20120619d2001 m y0spay5003 ba
105 ## - Campo de datos codificados: Material textual, monográfico
Datos codificados de monografía a 001zy
200 1# - Título y mención de responsabilidad
Título propio Postales de Papantla
Designación general del material texto impreso
Primer mención de responsabilidad Leonardo Zaleta
210 ## - Publicación, distribución, etc.
Lugar de publicación, distribución, etc. México
Nombre del editor, distribuidor, etc. Amatl Litográfica
Fecha de publicación, distribución, etc. 2001
215 ## - Descripción física
Designación de material específico y extensión del ítem 159 p
Otras características físicas il., fot
Dimensiones 21 cm
345 ## - Nota de información de adquisición
Fuente de adquisición/dirección de la suscripción [OBSOLETO] Donación
607 ## - Nombre geográfico utilizado como tema
Elemento de entrada Papantla, Veracruz (México)
Subdivisión temática Descripción y viajes
Número Koha 10931
607 ## - Nombre geográfico utilizado como tema
Elemento de entrada Papantla, Veracruz (México)
Subdivisión temática Vida social y costumbres
Número Koha 7798
700 ## - Nombre personal - Responsabilidad primaria
Elemento de entrada Zaleta Juárez
Parte del nombre distinta del elemento de entrada Leonardo
Fechas 1942-2022
Número Koha 10932
801 #0 - Fuente de origen
País FR
Agencia cm
Reglas de catalogación (convenciones descriptivas) AFNOR
900 ## -
-- 1/21189
942 ## - ELEMENTOS DE ENTRADA SECUNDARIOS (KOHA)
Tipo de ítem Koha Livre
996 ## -
-- MEX
-- 751145101
-- MMAG
-- 002792
-- 972.62 Z22PO
-- 20120619LIV
Exemplaires
Estatus retirado Estado de daño Estado de pérdida Fecha de adquisición Biblioteca de origen Biblioteca actual Ubicación en estantería Código de barras Precio de reemplazo Signatura topográfica completa No para préstamo Tipo de ítem Koha Nota pública Nota no pública
      05/08/2025 Casa México Paris Casa México Paris   002792 05/08/2025 972.62 Z22PO   Livre 20120619LIV 751145101